000 00421nam a22001697a 4500
005 20180205120328.0
008 160429b xxu||||| |||| 00| 0 eng d
020 _a0-07-462467-9
041 _aeng
082 _b00774
_a005.12
100 _aTaxali, R K
_94076
245 _aPC Software made Simple
260 _aNew Delhi
_bTMH Publ.co.Ltd.
_c2001
300 _a739
650 _aInformation Technology
_9137
942 _cBK
999 _c246
_d246